Central Library OPAC University of Rajshahi

The life and adventures of Martin Chuzzlewit / (Record no. 20114)

MARC details
000 -LEADER
fixed length control field 01372nam a22003851 4500
001 - CONTROL NUMBER
control field 20114
003 - CONTROL NUMBER IDENTIFIER
rucl marc code BD-RjUL
005 - DATE AND TIME OF LATEST TRANSACTION
control field 20211209000525.0
008 - FIXED-LENGTH DATA ELEMENTS--GENERAL INFORMATION
fixed length control field 140226s1951 enka 000 1 eng
035 ## - SYSTEM CONTROL NUMBER
System control number (BD-RjUL)20176
System control number (OCoLC)394362
040 ## - CATALOGING SOURCE
Original cataloging agency DLC
Transcribing agency ODaWU
Modifying agency OCoLC
-- Uk
-- DLC
-- BD-RjUL
Language of cataloging eng
041 ## - LANGUAGE CODE
Language code of text/sound track or separate title eng
082 ## - DEWEY DECIMAL CLASSIFICATION NUMBER
Classification number 823
Author mark and year DIL 1951
100 1# - MAIN ENTRY--PERSONAL NAME
Personal name Dickens, Charles,
Dates associated with a name 1812-1870.
9 (RLIN) 61953
245 14 - TITLE STATEMENT
Title The life and adventures of Martin Chuzzlewit /
Statement of responsibility, etc. With 40 illus. by 'Phiz' and an introd. by Geoffrey Russell.
260 ## - PUBLICATION, DISTRIBUTION, ETC. (IMPRINT)
Place of publication, distribution, etc. London ;
-- New York :
Name of publisher, distributor, etc. Oxford University Press,
Date of publication, distribution, etc. 1951.
300 ## - PHYSICAL DESCRIPTION
Pagination xxiv, 841 p. :
Illustrations ill. ;
Size 19 cm.
490 0# - SERIES STATEMENT
Series statement The New Oxford illustrated Dickens
650 00 - SUBJECT ADDED ENTRY--TOPICAL TERM
Topical term or geographic name as entry element British
Geographic subdivision United States
Form subdivision Fiction.
9 (RLIN) 61954
Topical term or geographic name as entry element Grandfathers
Form subdivision Fiction.
9 (RLIN) 61955
Topical term or geographic name as entry element Young men
Form subdivision Fiction.
9 (RLIN) 57218
Topical term or geographic name as entry element Avarice
Form subdivision Fiction.
9 (RLIN) 61956
651 #0 - SUBJECT ADDED ENTRY--GEOGRAPHIC NAME
Geographic name United States
General subdivision Description and travel
Form subdivision Fiction.
9 (RLIN) 61957
Geographic name England
Form subdivision Fiction.
9 (RLIN) 61958
700 1# - ADDED ENTRY--PERSONAL NAME
Personal name Browne, Hablot Knight,
Dates associated with a name 1815-1882,
Relator term illus.
942 ## - ADDED ENTRY ELEMENTS (KOHA)
Source of classification or shelving scheme Dewey Decimal Classification
Koha item type Books
Holdings
Lost status Source of classification or shelving scheme Damaged status Not for loan Collection code Permanent Location Current Location Shelving location Date acquired Source of acquisition Cost, normal purchase price Total Checkouts Full call number Date last seen Copy number Koha item type
  Dewey Decimal Classification   Not For Loan Fiction Central Library, University of Rajshahi Central Library, University of Rajshahi Reading Room 18/07/1955 Allius book agency 7.00   823 DIL 1951 26/02/2014 C-1 Books